000 00293nam a22001337a 4500
020 _a978-9-351-03809-2
082 _a920
_bVEN/V
100 _aVENEZIA, MIKE
245 _aVINCENT VAN GOGH
260 _aNEW YORK
_bSCHOLASTIC
300 _a32
650 _aBIOGRAPHY
_zUNITED STATES
942 _cBK
999 _c5874
_d5874